00880nam a2200217Ia 4500001000700000008004100007020001800048035001400066041000800080084001300088245011100101260009200212300003000304490004700334500007800381650002800459650001300487700004200500700004000542710008000582001486221003s1992 xx 000 0 spa d a84-7434-743-2 aCENDO_330 aspa aCD-00314 0aLegislación laboral y de empleo /cedición a cargo de Angel J. González Alvarez, Roberto Velázquez aMadrid :bCentro de Publicaciones, Ministerio de Trabajo y Seguridad Social,cD.L. 1992 aXXVII, 1585 p. ;c 26 cm aTextos legaleslRelaciones laborales ;v44 aIncluye anexo con las disposiciones publicadas hasta el 1 de mayo de 1992 0aLEGISLACION DEL TRABAJO aESPAÑA aGONZALEZ ALVAREZ, Angel J.,eed. lit. aVELAZQUEZ BOBES, Roberto,eed. lit. aESPAÑAbMinisterio de Trabajo y Seguridad SocialbCentro de Publicaciones